00330 2200133 4500001002100000005001500021035002000036245006900056300000800125260001900133082000800152084001200160990002400172INLIS00000000000218820250527010944 a0010-0525000480 aSurvival Teknik Bertahan Hidup di Alam Bebas /cN. S. Adi Yuwono a183 bAngkasa,c2008 a600 a600 SUR a0713151 s/d 0713152